000 00626cam a22002173a 4500
001 43371
003 PGUSA
005 20140828084003.0
008 130801s2013||||xxu|||||s|||||000 | eng d
040 _aPGUSA
_beng
042 _adc
100 1 _aNixon-Roulet, Mary F.,
_d-1930
245 1 0 _aOur Little Hungarian Cousin
_h[electronic resource] /
_cMary F. Nixon-Roulet
260 _bProject Gutenberg,
_c2013
506 _aPublic domain in the USA.
516 _aElectronic text
700 1 _aGoss, John,
_d1886-1963
830 0 _aProject Gutenberg
_v43371
856 4 0 _uhttp://www.gutenberg.org/ebooks/43371
942 _cEB
999 _c272622
_d272622